000 00806nam a22002177a 4500
999 _c2196
_d2196
003 AR-CdUCM
008 190304b ||||| |||| 00| 0 spa d
040 _aMUNICIPALIDAD PROVINCIAL DEL CUSCO
_cBIBLIOTECA MUNICIPAL DEL CUSCO
082 _a373.35 /
_bW72
100 _aWillcox, Isobel
_97923
245 _aLectura en voz alta para niños de escuela elemental /
260 _aMéxico :
_b Uthea,
_c1968.
300 _a95 paginas ;
_c17 cm.
505 _aContenido : Lo que hay que leer -- Antes de leer -- La hora del cuento -- Después de la lectura -- Familiarizarse con la historia ...
650 _aCuentos Infantiles
_93830
650 _aPsicología infantil
_97924
650 _aCuentos peruanos
_97
700 _aMoreno Cañadas, Caros (traductor)
_97925
942 _2ddc
_cLIBROS
945 _arum